| 000 | 00874nac a22002891i 4500 | ||
|---|---|---|---|
| 003 | EG-ScBUE | ||
| 005 | 20260510132732.0 | ||
| 008 | 260510r20052002enk f 000 0 eng d | ||
| 020 | _a1852336625 (alk. paper) | ||
| 020 | _a9781852336622 | ||
| 040 |
_aEG-ScBUE _beng _erda _cEG-ScBUE _dEG-ScBUE |
||
| 082 | 0 | 4 |
_a512.5 _bBLY _222 |
| 100 | 1 |
_aBlyth, T. S., _eauthor. |
|
| 245 | 1 | 0 |
_aBasic linear algebra / _cT. S. Blyth and E. F. Robertson. |
| 250 | _aSecond edition. | ||
| 250 | _aReprint edition. | ||
| 264 | 1 |
_aLondon : _bSpringer, _c2005. |
|
| 300 |
_aix, 232 pages ; _c24 cm |
||
| 336 |
_2rdacontent _atext _btxt |
||
| 337 |
_aunmediated _2rdamedia _bn |
||
| 338 |
_avolume _bnc _2rdacarrier |
||
| 500 | _aIncludes index. | ||
| 650 | 7 |
_aAlgebras, Linear. _2BUEsh |
|
| 655 | _vReading book | ||
| 700 | 1 |
_aRobertson, E. F., _eauthor. |
|
| 942 |
_cNB _2ddc |
||
| 999 |
_c4905 _d4905 |
||